000 00646nam a2200229Ia 4500
003 OSt
005 20220925215255.0
006 a|||||r|||| 00| 0
007 ta
008 220923b |||||||| |||| 00| 0 eng d
037 _cGeneral Book
040 _aRTL
_cRTL
_beng
041 _2eng
_aeng
082 _aV3:594y7MM, J3
100 _aWoodham-Smith Cecil
_9113449
245 0 _aReason why
260 _aLondon
_bHeinemann Educational Books
_c1953
300 _ax, 293p
_ccm.
650 _aConstitution Great Britain
_9231188
942 _hV3:594y7MM, J3
_cGB
_2CC
999 _c568309
_d568309